000 00603nam a2200193Ia 4500
005 20250508152156.0
008 008 250505s9999 xx 000 0 hin d
037 _aBooks to be hide in OPAC
040 _aFEDL
_beng
_cFEDL
041 _ahin
_2hin
084 _a491.438, MAT
_qFEDL
100 _aMata Pradesh
_9760962
245 0 _aVigyan-praveshika, Bhag 1: Prathmik tatha madhyamik vidhyalayon ke verg 5 ke liye
260 _aAllahabad, India
_bKitab Mahal
_c1954
300 _a116p
700 _a Chaube Harihar
_9760963
942 _cHB
_h491.438, MAT
999 _c1334765
_d1334765